Contribucin̤ de la Universidad del Rosario al debate sobre el fallo de La Haya

Detalles Bibliográficos
Autor principal: Torres Villarreal, Mara̕ Luca̕
Formato: Libro
Lenguaje:español
Publicado: Colombia Universidad del Rosario 2013
Materias:
Acceso en línea:Acceso restringido

MARC

LEADER 00000nam a22000007a 4500
005 20151104100756.0
007 cr|||| ||u|
008 151104s2013 ck ||||| |||| 00| 0 spa d
020 |a 978-958-738-362-1 
035 |a 12902 
040 |a vLex 
090 |c 5652  |d 5652 
100 1 |a Torres Villarreal, Mara̕ Luca̕  
245 1 0 |a Contribucin̤ de la Universidad del Rosario al debate sobre el fallo de La Haya  |h [Recurso electrn̤ico /   |c Mara̕ Luca̕ Torres Villarreal  
256 |a Servicio en ln̕ea  
260 |a Colombia   |b Universidad del Rosario  |c 2013 
300 |a 1 recurso electrn̤ico (136 p.: mapas.—(Coleccin̤ Institucional)) 
500 |a Editores acadm̌icos: Carlos Holmes Trujillo Garca̕ y Mara̕ Luca̕ Torres Villarreal. Autores: Andrea Mateus Rugeles, Marco Gerardo Monroy Cabra, Mauricio Jaramillo Jassir, Ricardo Abello Galvis, Walter Arv̌alo Ramr̕ez. 
506 1 |a Contenido solo disponible en los productos indicados  |d vLex Global  |d vLex Global (Academic Edition, excluding Law Schools)  |d vLex Global (U.S. Academic Edition, Law Schools)  |d vLex Global (U.S. Academic Edition, excluding Law Schools)  |d vLex Global (Academic Edition, Law Schools) 
650 0 4 |a Derecho  |z Colombia 
740 0 |a vLex libros (servicio en ln̕ea) 
856 4 0 |u http://vlex.com/source/contribucion-de-la-universidad-del-rosario-al-debate-sobre-el-fallo-de-la-haya-12902  |z Acceso restringido 
942 |c BOOK 
999 0 |a Law